000 00415nam a22001697a 4500
005 20180323165734.0
008 160430b xxu||||| |||| 00| 0 eng d
020 _a978-0-07460126-6
041 _aeng
082 _b00988
_a338.5024658
100 _aGupta G.S.
_94231
245 _aManagerial Economics
260 _aNew Delhi
_bTata MC Graw Hill,
_c1990
300 _a270
650 _aManagement
_9241
942 _cBK
999 _c347
_d347